Qui a fait quoi ? Clic - Thème du Temps - Statistiques

Statistiques générales
  • Ce quiz a été pris 32 fois
  • Le résultat moyen est 8 sur 20
Statistiques - réponses
Hint Explanation Réponse % Correct
Qui est l'auteur de cette citation : " Rien ne sert de courir, il faut partir à point " ? dans Le Lièvre et la Tortue (premier vers) Jean de La Fontaine
86%
Qui est l'auteur de cette citation : " J'espère que la routourne va vite tourner " ? Conférence de presse avec l’Équipe de France de Football Franck Ribéry
71%
Qui est l'interprète de la chanson " Le temps de l'amour " en 1962 ? Françoise Hardy
71%
Qui est l'auteur et l'interprète de "Avec le temps" en 1972 ? Léo Ferré
68%
Qui a animé l'émission TV "Temps X" entre 1979 et 1987 ? Duo d'animation avec son frère Grichka Igor Bogdanoff
64%
Qui est l'interprète du titre " Le temps des Cathédrales ", issu de la comédie Notre Dame de Paris ? Bruno Pelletier
57%
Qui est l'interprète de " Señor météo " sur un air de cha cha cha en 1974 ? Carlos
57%
Qui a réalisé le film "Cronos" en 1993 ? Guillermo Del Toro
54%
Qui a écrit la pièce de théâtre " En attendant Godot " ? Samuel Beckett
54%
Qui a écrit : " Les temps primitifs sont lyriques, les temps antiques sont épiques, les temps modernes sont dramatiques " ? Préface de Cromwell Victor Hugo
43%
Qui est l'auteur de cette citation : " le temps, c'est un truc qu'on n'a pas. Même le temps n'a pas le temps pour le temps " ? Interview sur Canal + Thierry Henry
36%
Qui est dans la distribution du film "Les Temps Modernes" avec Charlie Chaplin ? Marion Levy (son nom d'origine) Paulette Goddard
32%
Qui a collaboré avec Jacques Brel, notamment pour la valse à mille temps, accompagné de son orchestre ? François Rauber
21%
Qui a battu Corentin Moutet à Roland Garros en 6h05 en 2020 ? 2ème match le plus long de l'histoire à Roland Garros Lorenzo Giustino
21%
Qui a incarné le personnage "Passe temps" dans Fort Boyard de 1990 à 2009 ? Alain Prevost
18%
Qui est l'auteur de cette citation : " le temps est comme un fleuve, il ne remonte pas à sa source " ? Antoine Rivarol
18%
Qui a été le narrateur de la série TV " La 13ème dimension (Twilight Zone) " entre 2002 et 2003 ? Intervention au début et à la fin des épisodes. Forest Whitaker
18%
Qui est l'inventeur de l'horloge parlante en 1933 ? Ernest Esclangon
7%
Qui a écrit : " Ne perds pas ton temps à gagner ta vie. Gagne ton temps, sauve ta vie " ? Lanza Del Vasto
7%
Qui a peint les nombres de 1 à 5 607 249 pendant 40 ans ? Roman Opalka
7%
Aucun quiz correspondant
Distribution des résultats
% des personnes avec chaque résultat
Percentile par nombre de réponses
Votre historique - résultats
Vous n’avez pas pris ce quiz